[Event "Irish Championship 2021"]
[Site "Dublin IRL"]
[Date "2021.07.31"]
[Round "1.1"]
[White "Baburin, Alexander"]
[Black "Murchadha, Oissine"]
[Result "1-0"]
[WhiteTitle "GM"]
[WhiteElo "2416"]
[BlackElo "1976"]
[WhiteICU "2369"]
[WhiteClub "Kilkenny"]
[WhiteNationality "IRL"]
[BlackNationality "IRL"]
[WhiteFideId "2500914"]
[BlackFideId "2503603"]
[PlyCount "77"]
[Venue "Colaiste Eanna"]
[EventDate "2021.07.31"]
[Source "Live boards"]
[BlackFullName "Murchadha, Oiss&iacute;ne"]

{ Event information: <a
href="https://www.irlchess.com/irlch2021_allfiles/pairings_irlch2021.html">Tournament
report</a>. }

1. d4 d5 2. c4 c6 3. Nf3 Nf6 4. Qb3 Qb6 5. Nc3 dxc4 6. Qxc4 Bf5 7. g3 e6 8.
Bg2 Nbd7 9. O-O Be7 10. e3 h6 11. Qe2 O-O 12. e4 Bh7 13. Rd1 Rfe8 14. Ne5
Qa5 15. Nc4 Qa6 16. b3 Bg6 17. Bb2 Bh5 18. f3 c5 19. d5 exd5 20. Nxd5 Nxd5
21. Rxd5 Nf6 22. Bxf6 Bxf6 23. Rad1 Bd4+ 24. R1xd4 Bxf3 25. Bxf3 cxd4 26.
Nd6 Qxe2 27. Bxe2 Re7 28. Bc4 Kf8 29. Rxd4 f6 30. Nf5 Rc7 31. a4 b6 32. Kf2
Rb8 33. h4 Re8 34. g4 Ra8 35. Ke3 Rb8 36. Rd2 Re8 37. g5 h5 38. gxf6 gxf6
39. Rg2 1-0

[Event "Irish Championship 2021"]
[Site "Dublin IRL"]
[Date "2021.07.31"]
[Round "1.2"]
[White "MacElligott, Gerard"]
[Black "Murphy, Conor E."]
[Result "0-1"]
[WhiteTitle "CM"]
[BlackTitle "FM"]
[WhiteElo "1966"]
[BlackElo "2394"]
[WhiteICU "1938"]
[BlackICU "2419"]
[WhiteClub "Elm Mount"]
[BlackClub "Charlton ENG"]
[WhiteNationality "IRL"]
[BlackNationality "IRL"]
[WhiteFideId "2500647"]
[BlackFideId "421669"]
[PlyCount "70"]
[Venue "Colaiste Eanna"]
[EventDate "2021.07.31"]
[Source "Live boards"]

{ Event information: <a
href="https://www.irlchess.com/irlch2021_allfiles/pairings_irlch2021.html">Tournament
report</a>. }

1. Nf3 d5 2. g3 Nd7 3. d4 Nb6 4. Bg2 Bf5 5. O-O e6 6. Nc3 Nf6 7. Ne5 c5 8.
Re1 cxd4 9. Qxd4 Bxc2 10. Bg5 h6 11. Bxf6 gxf6 12. Ng4 Bg7 13. Rac1 Bg6 14.
Qb4 Qe7 15. Qb5+ Kf8 16. Na4 Nxa4 17. Qxa4 f5 18. Ne3 Bxb2 19. Rc2 Bf6 20.
Rec1 Qe8 21. Qb4+ Kg7 22. Rc7 b6 23. g4 f4 24. Qxf4 Qb5 25. h4 Qb2 26. h5
Be5 27. Qa4 Bxc7 28. Rxc7 Qa1+ 29. Bf1 Be4 30. Qd7 Qf6 31. f3 Rhd8 32. Qa4
Qe5 33. Rd7 Rxd7 34. Qxd7 Bxf3 35. Kf2 Bxg4 0-1

[Event "Irish Championship 2021"]
[Site "Dublin IRL"]
[Date "2021.07.31"]
[Round "1.3"]
[White "Kanyamarala, Tarun"]
[Black "Cafolla, Peter"]
[Result "1-0"]
[WhiteTitle "FM"]
[WhiteElo "2369"]
[BlackElo "1958"]
[WhiteICU "2296"]
[BlackICU "1914"]
[WhiteClub "Balbriggan"]
[BlackClub "Rathmines"]
[WhiteNationality "IRL"]
[BlackNationality "IRL"]
[WhiteFideId "45004714"]
[BlackFideId "2500884"]
[PlyCount "73"]
[Venue "Colaiste Eanna"]
[EventDate "2021.07.31"]
[Source "Live boards"]

{ Event information: <a
href="https://www.irlchess.com/irlch2021_allfiles/pairings_irlch2021.html">Tournament
report</a>. }

1. e4 c5 2. Nf3 Nc6 3. Bb5 e6 4. O-O Nge7 5. Re1 a6 6. Bf1 d5 7. exd5 Nxd5
8. d4 cxd4 9. Nxd4 Be7 10. Nxc6 bxc6 11. Nd2 O-O 12. Nc4 Bb7 13. Bd2 a5 14.
a4 Bb4 15. c3 Be7 16. Qg4 Nf6 17. Qf3 Qd5 18. Qh3 c5 19. Rad1 Qd8 20. Bf4
Nd5 21. Bd3 f5 22. Be5 Rf7 23. Be2 g6 24. Qd3 Qf8 25. Bf3 Ra7 26. Na3 Bc6
27. Qc2 Qe8 28. Nb5 Bxb5 29. axb5 Rd7 30. Qa4 Bd8 31. Qc4 Nb6 32. Qxc5 Rxd1
33. Rxd1 Rd7 34. Rxd7 Qxd7 35. Bd4 Qc7 36. Bc6 Be7 37. Qxb6 1-0

[Event "Irish Championship 2021"]
[Site "Dublin IRL"]
[Date "2021.07.31"]
[Round "1.4"]
[White "Casey, Eoghan"]
[Black "O'Gorman, Tom"]
[Result "0-1"]
[BlackTitle "FM"]
[WhiteElo "1952"]
[BlackElo "2368"]
[WhiteICU "1876"]
[BlackICU "2303"]
[WhiteClub "Gonzaga"]
[BlackClub "Dun Laoghaire"]
[WhiteNationality "IRL"]
[BlackNationality "IRL"]
[WhiteFideId "2502178"]
[BlackFideId "2508249"]
[PlyCount "96"]
[Venue "Colaiste Eanna"]
[EventDate "2021.07.31"]
[Source "Live boards"]

{ Event information: <a
href="https://www.irlchess.com/irlch2021_allfiles/pairings_irlch2021.html">Tournament
report</a>. }

1. d4 Nf6 2. Bf4 d5 3. e3 c5 4. c3 Nc6 5. Nd2 e6 6. Ngf3 cxd4 7. exd4 Nh5
8. Be3 Bd6 9. g3 Nf6 10. Nh4 e5 11. dxe5 Nxe5 12. f4 Nc6 13. Ndf3 O-O 14.
Qd3 Qa5 15. Be2 Bh3 16. Ng5 Bd7 17. O-O Rfe8 18. b4 Qc7 19. b5 Na5 20. Bd4
Bc5 21. Rfe1 Nc4 22. a4 Re7 23. Ngf3 Rae8 24. Ne5 Nxe5 25. fxe5 Rxe5 26.
Nf3 Re3 27. Qd2 Bg4 28. Kg2 R3e6 29. Bxc5 Qxc5 30. Nd4 R6e7 31. Bd3 Ne4 32.
Bxe4 dxe4 33. Rac1 e3 34. Qd3 Qd5+ 35. Kg1 e2 36. c4 Qd8 37. Qc3 Re3 38.
Qd2 R8e4 39. Nb3 Rd3 40. Qc2 h5 41. c5 h4 42. c6 hxg3 43. h3 Qf6 44. Qc5
Rde3 45. Rf1 exf1=Q+ 46. Rxf1 Qxf1+ 47. Kxf1 Bxh3+ 48. Kg1 Re1# 0-1

[Event "Irish Championship 2021"]
[Site "Dublin IRL"]
[Date "2021.07.31"]
[Round "1.5"]
[White "Heidenfeld, Mark"]
[Black "Duffy, Seamus"]
[Result "1-0"]
[WhiteTitle "IM"]
[WhiteElo "2360"]
[BlackElo "1945"]
[WhiteICU "2282"]
[BlackICU "1872"]
[BlackClub "Dun Laoghaire"]
[WhiteNationality "IRL"]
[BlackNationality "IRL"]
[WhiteFideId "2500990"]
[BlackFideId "2501708"]
[PlyCount "39"]
[Venue "Colaiste Eanna"]
[EventDate "2021.07.31"]
[Source "Live boards"]
[BlackFullName "Duffy, S&eacute;amus"]

{ Event information: <a
href="https://www.irlchess.com/irlch2021_allfiles/pairings_irlch2021.html">Tournament
report</a>. }

1. e4 b6 2. d4 Bb7 3. Bd3 e6 4. Qe2 d6 5. f4 Nd7 6. Nf3 g6 7. O-O Bg7 8. c3
Ne7 9. f5 e5 10. fxg6 hxg6 11. Ng5 O-O 12. Bc4 d5 13. Qf3 Bf6 14. exd5 exd4
15. Qh3 Bxg5 16. Bxg5 Bc8 17. Qh4 dxc3 18. Nxc3 Re8 19. d6 Ne5 20. Bf6 1-0

[Event "Irish Championship 2021"]
[Site "Dublin IRL"]
[Date "2021.07.31"]
[Round "1.6"]
[White "Tirziman, Rudolf"]
[Black "O'Donnell, Conor"]
[Result "0-1"]
[BlackTitle "FM"]
[WhiteElo "1941"]
[BlackElo "2331"]
[BlackICU "2311"]
[WhiteClub "Blanchardstown"]
[BlackClub "Gonzaga"]
[WhiteNationality "IRL"]
[BlackNationality "IRL"]
[WhiteFideId "2508664"]
[BlackFideId "2504243"]
[PlyCount "92"]
[Venue "Colaiste Eanna"]
[EventDate "2021.07.31"]
[Source "Live boards"]

{ Event information: <a
href="https://www.irlchess.com/irlch2021_allfiles/pairings_irlch2021.html">Tournament
report</a>. }

1. d4 d5 2. c4 e6 3. Nc3 c6 4. Nf3 dxc4 5. e3 b5 6. Ne5 Bb4 7. Qg4 Qf6 8.
Bd2 Nh6 9. Qh3 O-O 10. g4 Qe7 11. Bg2 Bb7 12. f4 f6 13. Nf3 Nd7 14. g5 fxg5
15. Nxg5 e5 16. dxe5 Nxe5 17. Qe6+ Qxe6 18. Nxe6 Nd3+ 19. Ke2 Rfe8 20. Nc7
Nxf4+ 21. Kd1 Nxg2 22. Nxa8 Bxa8 23. e4 Bxc3 24. Bxc3 c5 25. Rg1 Bxe4 26.
b4 cxb4 27. Bxb4 Bf3+ 28. Kc1 Ng4 29. a4 Nf4 30. Rf1 Nd3+ 31. Kd2 Nxh2 32.
Rfb1 bxa4 33. Rxa4 Rb8 34. Kc3 Nxb4 35. Rbxb4 Rxb4 36. Rxb4 g5 37. Rxc4 g4
38. Kd4 h5 39. Ke3 Kf7 40. Kf4 h4 41. Rc7+ Ke6 42. Rxa7 g3 43. Ra1 g2 44.
Rg1 Bd5 45. Ke3 Ng4+ 46. Kf4 h3 0-1

[Event "Irish Championship 2021"]
[Site "Dublin IRL"]
[Date "2021.07.31"]
[Round "1.7"]
[White "Fitzsimons, David"]
[Black "Lyons, Brendan"]
[Result "1-0"]
[WhiteTitle "IM"]
[WhiteElo "2324"]
[BlackElo "1931"]
[WhiteICU "2343"]
[BlackICU "1886"]
[WhiteClub "Elm Mount"]
[BlackClub "St. Benildus"]
[WhiteNationality "IRL"]
[BlackNationality "IRL"]
[WhiteFideId "2501961"]
[BlackFideId "2500698"]
[PlyCount "63"]
[Venue "Colaiste Eanna"]
[EventDate "2021.07.31"]
[Source "Live boards"]

{ Event information: <a
href="https://www.irlchess.com/irlch2021_allfiles/pairings_irlch2021.html">Tournament
report</a>. }

1. d4 d5 2. c4 Bf5 3. cxd5 Bxb1 4. Qa4+ c6 5. dxc6 Nxc6 6. Rxb1 Qxd4 7.
Qxd4 Nxd4 8. e3 Nc2+ 9. Kd1 Nb4 10. Bb5+ Nc6 11. Bxc6+ bxc6 12. Nf3 Nf6 13.
Ke2 Rb8 14. b3 g6 15. Bb2 Bg7 16. Rhc1 Rb6 17. Ne5 Nd5 18. Nxc6 O-O 19.
Bxg7 Kxg7 20. Rb2 Rb7 21. Rc5 e6 22. Rbc2 Rc8 23. Na5 Rxc5 24. Rxc5 Rd7 25.
a3 Kf6 26. g3 Ke7 27. e4 Nf6 28. f3 h5 29. Rc8 e5 30. Rc5 Kd6 31. b4 Rc7
32. Nc4+ 1-0

[Event "Irish Championship 2021"]
[Site "Dublin IRL"]
[Date "2021.07.31"]
[Round "1.8"]
[White "Putar, Lara"]
[Black "Daly, Colm"]
[Result "0-1"]
[BlackTitle "FM"]
[WhiteElo "1930"]
[BlackElo "2285"]
[WhiteICU "1969"]
[BlackICU "2261"]
[WhiteClub "St. Benildus"]
[BlackClub "Bray/Greystones"]
[WhiteNationality "IRL"]
[BlackNationality "IRL"]
[WhiteFideId "14546604"]
[BlackFideId "2500434"]
[PlyCount "124"]
[Venue "Colaiste Eanna"]
[EventDate "2021.07.31"]
[Source "Live boards"]

{ Event information: <a
href="https://www.irlchess.com/irlch2021_allfiles/pairings_irlch2021.html">Tournament
report</a>. }

1. d4 Nf6 2. c4 e6 3. Nf3 Bb4+ 4. Bd2 Qe7 5. g3 Nc6 6. Bg2 Bxd2+ 7. Qxd2
Ne4 8. Qc2 Qb4+ 9. Nc3 Nxc3 10. Qxc3 Qxc3+ 11. bxc3 d6 12. O-O Rb8 13. Nd2
Na5 14. Rab1 b6 15. e4 Ba6 16. Rb4 Ke7 17. Re1 e5 18. f4 f6 19. Bf1 Bc8 20.
Rbb1 c5 21. d5 Bd7 22. Rb2 Rhg8 23. Nb1 Rbe8 24. Na3 Kd8 25. Nb5 Bxb5 26.
cxb5 exf4 27. gxf4 g5 28. fxg5 Rxg5+ 29. Rg2 Ree5 30. Bd3 Ke7 31. Rxg5 fxg5
32. c4 Nb7 33. Bc2 Kf6 34. Bd1 Kg7 35. Kf2 Na5 36. Bb3 Nb7 37. Bd1 Nd8 38.
Ke3 Nf7 39. Rf1 Re7 40. Rf5 h6 41. h3 Ne5 42. Be2 Rf7 43. a3 Rf6 44. a4 Rf7
45. Bf1 Kg6 46. Rxf7 Kxf7 47. Be2 Kf6 48. Kf2 Ng6 49. Ke3 Ke5 50. Bg4 Nf4
51. Bd7 Nh5 52. Bf5 Nf6 53. Bg4 Nxe4 54. Bd1 Nf6 55. Be2 h5 56. Bf3 g4 57.
hxg4 hxg4 58. Be2 g3 59. Bf3 Kf5 60. Bg2 Ng4+ 61. Kd3 Kf4 62. Ke2 Ne5 0-1

[Event "Irish Championship 2021"]
[Site "Dublin IRL"]
[Date "2021.07.31"]
[Round "1.9"]
[White "Doyle, Tony"]
[Black "Putar, Leon"]
[Result "0-1"]
[WhiteElo "2206"]
[BlackElo "1918"]
[WhiteICU "2046"]
[BlackICU "1901"]
[BlackClub "St. Benildus"]
[WhiteNationality "IRL"]
[BlackNationality "IRL"]
[WhiteFideId "2500329"]
[BlackFideId "14546612"]
[PlyCount "96"]
[Venue "Colaiste Eanna"]
[EventDate "2021.07.31"]
[Source "Live boards"]

{ Event information: <a
href="https://www.irlchess.com/irlch2021_allfiles/pairings_irlch2021.html">Tournament
report</a>. }

1. Nf3 Nf6 2. g3 g6 3. Bg2 Bg7 4. c4 O-O 5. O-O d5 6. cxd5 Nxd5 7. Nc3 c6
8. Qb3 Nb6 9. d3 N8d7 10. Be3 Nf6 11. Rac1 Be6 12. Qa3 Nfd5 13. Bd2 Re8 14.
Ne4 Nd7 15. Neg5 Bg4 16. h3 Bxf3 17. Bxf3 Ne5 18. Bg2 Qb6 19. Rc2 e6 20.
Ne4 Bf8 21. Nc5 Qc7 22. Qb3 b6 23. Ne4 Rac8 24. d4 Nd7 25. Rfc1 c5 26. Ng5
Qb7 27. Qf3 Re7 28. a3 Bg7 29. dxc5 bxc5 30. e4 N5b6 31. Qe2 h6 32. Nf3 Na4
33. e5 Qb8 34. Qe4 Nab6 35. Re1 c4 36. Bb4 Nc5 37. Bxc5 Rxc5 38. Bf1 Rec7
39. Rec1 Qc8 40. Kg2 a5 41. g4 a4 42. Qe1 Nd5 43. Qe4 c3 44. bxc3 Rxc3 45.
Rxc3 Rxc3 46. Rxc3 Qxc3 47. Qxa4 Bxe5 48. Qc4 $4 (48. Nxe5 $10) 48... Nf4+
0-1

[Event "Irish Championship 2021"]
[Site "Dublin IRL"]
[Date "2021.07.31"]
[Round "1.10"]
[White "O'Gorman, Alice"]
[Black "Kanyamarala, Trisha"]
[Result "0-1"]
[BlackTitle "WIM"]
[WhiteElo "1907"]
[BlackElo "2180"]
[WhiteICU "1882"]
[BlackICU "2178"]
[WhiteClub "T.C.D."]
[BlackClub "Balbriggan"]
[WhiteNationality "IRL"]
[BlackNationality "IRL"]
[WhiteFideId "2508214"]
[BlackFideId "45004722"]
[PlyCount "68"]
[Venue "Colaiste Eanna"]
[EventDate "2021.07.31"]
[Source "Live boards"]

{ Event information: <a
href="https://www.irlchess.com/irlch2021_allfiles/pairings_irlch2021.html">Tournament
report</a>. }

1. e4 c5 2. c4 d6 3. Nc3 Nc6 4. Nge2 Nf6 5. g3 Ne5 6. Ng1 g6 7. d3 Bg7 8.
h3 O-O 9. f4 Nc6 10. Nge2 a6 11. Bg2 Rb8 12. a4 Ne8 13. g4 Nc7 14. f5 b5
15. O-O bxc4 16. dxc4 Na5 17. h4 Nxc4 18. b3 Ne5 19. g5 a5 20. Bd2 Ba6 21.
Rf2 c4 22. Nf4 cxb3 23. Bf1 Nc4 24. h5 Bd4 25. Be1 e5 26. Nh3 Ne3 27. Qf3
Bxf1 28. Rxf1 Nxf1+ 29. Kxf1 b2 30. Rb1 Rb3 31. Qd3 Qc8 32. hxg6 hxg6 33.
fxg6 fxg6+ 34. Nf2 Ne6 0-1

[Event "Irish Championship 2021"]
[Site "Dublin IRL"]
[Date "2021.07.31"]
[Round "1.11"]
[White "O'Connor, Jonathan"]
[Black "Scott, Luke"]
[Result "1-0"]
[WhiteElo "2153"]
[BlackElo "1906"]
[WhiteICU "2124"]
[BlackICU "1959"]
[WhiteClub "Dublin"]
[BlackClub "Ballyroan"]
[WhiteNationality "IRL"]
[BlackNationality "IRL"]
[WhiteFideId "2501112"]
[BlackFideId "2507986"]
[PlyCount "135"]
[Venue "Colaiste Eanna"]
[EventDate "2021.07.31"]
[Source "Live boards"]

{ Event information: <a
href="https://www.irlchess.com/irlch2021_allfiles/pairings_irlch2021.html">Tournament
report</a>. }

1. d4 Nf6 2. Nf3 e6 3. g3 d5 4. Bg2 Be7 5. O-O O-O 6. c4 b6 7. Qc2 Bb7 8.
cxd5 exd5 9. Nc3 c5 10. Rd1 Nbd7 11. dxc5 bxc5 12. Nh4 Nb6 13. Nf5 h6 14.
Bxh6 gxh6 15. Nxh6+ Kh8 16. Nf5 Rg8 17. a4 Rb8 18. a5 Nc8 19. Bxd5 Nxd5 20.
Nxd5 Bxd5 21. e4 Bxe4 22. Qxe4 Rb4 23. Qe3 $2 (23. Qf3 $1 { and Black can
resign. }) 23... Qf8 24. Rd7 Bg5 25. Qc3+ Kh7 26. Rad1 Rg6 27. R1d5 Re4 28.
h4 Bxh4 29. Nxh4 Rxh4 30. Rd8 Qg7 31. Qxg7+ Kxg7 32. Rxc8 Rb4 33. Rdxc5
Rxb2 34. Rf5 Rb7 35. Kg2 Re7 36. Kf3 Rd7 37. Re8 Rgd6 38. Rc8 Rg6 39. g4
Re6 40. Kg3 Rd3+ 41. f3 Rd7 42. Rfc5 Ree7 43. R8c6 Rb7 44. a6 Rbd7 45. g5
Rd3 46. Rc7 Rdd7 47. Rxd7 Rxd7 48. Rc6 Re7 49. f4 Re3+ 50. Kg4 Ra3 51. Rf6
Ra1 52. Kf3 Re1 53. Rc6 Ra1 54. Ke4 Ra4+ 55. Ke5 Ra1 56. Kd6 Rd1+ 57. Kc7
Rb1 58. Kc8 Rb4 59. Rc7 Rxf4 60. Kb7 Rb4+ 61. Kxa7 Kg6 62. Ka8 Rb5 63. a7
Rxg5 64. Kb8 Ra5 65. a8=Q Rxa8+ 66. Kxa8 f5 67. Kb7 Kg5 68. Kc6 1-0

[Event "Irish Championship 2021"]
[Site "Dublin IRL"]
[Date "2021.07.31"]
[Round "1.12"]
[White "Aherne, John P."]
[Black "Murray, David"]
[Result "0-1"]
[WhiteElo "1903"]
[BlackElo "2142"]
[WhiteICU "1763"]
[BlackICU "2125"]
[WhiteClub "Rathmines"]
[BlackClub "Gonzaga"]
[WhiteNationality "IRL"]
[BlackNationality "IRL"]
[WhiteFideId "2501805"]
[BlackFideId "2501511"]
[PlyCount "90"]
[Venue "Colaiste Eanna"]
[EventDate "2021.07.31"]
[Source "Live boards"]

{ Event information: <a
href="https://www.irlchess.com/irlch2021_allfiles/pairings_irlch2021.html">Tournament
report</a>. }

1. d4 Nf6 2. c4 c5 3. d5 b5 4. cxb5 a6 5. bxa6 g6 6. g3 d6 7. Bg2 Bg7 8.
Nc3 O-O 9. Nf3 Nbd7 10. O-O Nb6 11. Nd2 Bxa6 12. a4 Bb7 13. Qb3 Rb8 14. Qa2
Nfd7 15. h3 Ba6 16. Ndb1 Nc4 17. Na3 Nxa3 18. Qxa3 Qa5 19. Nb5 Ne5 20. Qc3
Qb6 21. Bg5 Rb7 22. Qc2 h6 23. Bd2 Bxb5 24. axb5 Qxb5 25. Bc3 Rfb8 26. g4
Nd7 27. Be4 Bxc3 28. bxc3 Kg7 29. c4 Qb2 30. Qxb2+ Rxb2 31. Ra7 Ne5 32. Bd3
Kf6 33. Re1 R8b7 34. Rxb7 Rxb7 35. f4 Nd7 36. Kf2 Rb3 37. Rb1 Rb4 38. Ke3
g5 39. f5 Rxb1 40. Bxb1 Ke5 41. Ba2 Nf6 42. Bb1 h5 43. Kf3 hxg4+ 44. hxg4
Kd4 45. Bd3 Nd7 0-1

[Event "Irish Championship 2021"]
[Site "Dublin IRL"]
[Date "2021.07.31"]
[Round "1.13"]
[White "Carroll, Peter"]
[Black "Collins, Adam"]
[Result "1-0"]
[WhiteElo "2059"]
[BlackElo "1887"]
[WhiteICU "2035"]
[BlackICU "1966"]
[WhiteClub "Gonzaga"]
[BlackClub "Kilkenny"]
[WhiteNationality "IRL"]
[BlackNationality "IRL"]
[WhiteFideId "2510243"]
[BlackFideId "2512300"]
[PlyCount "71"]
[Venue "Colaiste Eanna"]
[EventDate "2021.07.31"]
[Source "Live boards"]

{ Event information: <a
href="https://www.irlchess.com/irlch2021_allfiles/pairings_irlch2021.html">Tournament
report</a>. }

1. e4 c6 2. d4 d5 3. e5 Bf5 4. h4 h5 5. c4 e6 6. Nc3 Nd7 7. cxd5 cxd5 8.
Bd3 Bxd3 9. Qxd3 Ne7 10. Nf3 Qb6 11. O-O f6 12. exf6 gxf6 13. Re1 Kf7 14.
Bf4 Bh6 15. Bg3 Rag8 16. Re2 Rg4 17. Rae1 Nf8 18. Na4 Qc6 19. Nc5 Rg7 20.
Nxe6 Nxe6 21. Rxe6 Qxe6 22. Rxe6 Kxe6 23. Qe2+ Kf7 24. Qb5 b6 25. Qa6 Nc8
26. Qb7+ Kg6 27. Qxd5 Re7 28. Qc6 Rd8 29. Bc7 Rde8 30. d5 Re2 31. Ne5+
R8xe5 32. Bxe5 Rxe5 33. Qxc8 Re2 34. g3 Rd2 35. Qe8+ Kg7 36. d6 1-0

[Event "Irish Championship 2021"]
[Site "Dublin IRL"]
[Date "2021.07.31"]
[Round "1.14"]
[White "O'Flaherty, Kevin"]
[Black "O'Connell, Gerard"]
[Result "1-0"]
[WhiteElo "1884"]
[BlackElo "2051"]
[WhiteICU "1818"]
[BlackICU "2005"]
[WhiteClub "Univ. of Limerick"]
[BlackClub "St. Benildus"]
[WhiteNationality "IRL"]
[BlackNationality "IRL"]
[WhiteFideId "2502283"]
[BlackFideId "2500493"]
[PlyCount "41"]
[Venue "Colaiste Eanna"]
[EventDate "2021.07.31"]
[Source "Live boards"]

{ Event information: <a
href="https://www.irlchess.com/irlch2021_allfiles/pairings_irlch2021.html">Tournament
report</a>. }

1. d4 Nf6 2. Nc3 d5 3. Bf4 g6 4. e3 Bg7 5. h4 h6 6. Nb5 Na6 7. Nf3 Bg4 8.
Nc3 O-O 9. Bxa6 bxa6 10. Qd2 Rb8 11. b3 Bxf3 12. gxf3 Nh5 13. Be5 f6 14.
Bh2 Qd7 15. O-O-O f5 16. Rhg1 Kh7 17. Be5 e6 18. f4 Qe7 19. Qe2 Rb6 20.
Rxg6 Qxh4 21. Qxh5 $1 1-0

[Event "Irish Championship 2021"]
[Site "Dublin IRL"]
[Date "2021.07.31"]
[Round "1.15"]
[White "Venkatesan, Kavin"]
[Black "Burke, Kevin"]
[Result "1/2-1/2"]
[WhiteElo "2011"]
[BlackElo "1883"]
[WhiteICU "2032"]
[BlackICU "1781"]
[WhiteClub "St. Benildus"]
[BlackClub "St. Benildus"]
[WhiteNationality "IRL"]
[BlackNationality "IRL"]
[WhiteFideId "2512602"]
[BlackFideId "2501520"]
[PlyCount "82"]
[Venue "Colaiste Eanna"]
[EventDate "2021.07.31"]
[Source "Live boards"]

{ Event information: <a
href="https://www.irlchess.com/irlch2021_allfiles/pairings_irlch2021.html">Tournament
report</a>. } { Reference: <a
href="https://stbenilduschessclub.wordpress.com/2021/08/01/irish-championships-underway/#more-10821">Irish
Championships Underway</a>, Kevin Burke, St. Benildus C.C. blog, August 1,
2021. }

1. d4 e6 2. c4 f5 3. g3 Nf6 4. Bg2 Be7 5. Nc3 d6 6. Nh3 O-O 7. O-O Qe8 8.
f4 Nbd7 9. Ng5 Nb6 10. Nb5 Bd8 11. Qb3 h6 12. c5 dxc5 13. dxc5 hxg5 14.
cxb6 axb6 15. fxg5 Ne4 16. Bxe4 fxe4 17. Bf4 Ra5 18. Nxc7 Qc6 19. Rac1 Rc5
20. Rxc5 Qxc5+ 21. Kg2 e3 22. Nb5 Bd7 23. Nc3 Bc6+ 24. Kg1 Qf5 25. Nd1 Be7
26. Nxe3 Bc5 27. Rf2 Qe4 28. Rf3 Bd5 29. Qc3 Bd4 30. Qd2 e5 31. Kf1 Bc6 32.
Nc2 Bxb2 33. Be3 Rxf3+ 34. exf3 Qxf3+ 35. Qf2 Qh1+ 36. Qg1 Qf3+ 37. Qf2
Qd1+ 38. Ne1 Bc3 39. g6 Bb5+ (39... Bd5 $1 $19 { (Burke) }) 40. Kg2 Bc6+
41. Kf1 Bb5+ 1/2-1/2

[Event "Irish Championship 2021"]
[Site "Dublin IRL"]
[Date "2021.07.31"]
[Round "1.16"]
[White "Moran, Darragh"]
[Black "Fox, Anthony"]
[Result "1/2-1/2"]
[WhiteElo "1859"]
[BlackElo "2005"]
[WhiteICU "1838"]
[BlackICU "2007"]
[WhiteClub "Gonzaga"]
[BlackClub "Dun Laoghaire"]
[WhiteNationality "IRL"]
[BlackNationality "IRL"]
[WhiteFideId "2510294"]
[BlackFideId "2500736"]
[PlyCount "49"]
[Venue "Colaiste Eanna"]
[EventDate "2021.07.31"]
[Source "Live boards"]

{ Event information: <a
href="https://www.irlchess.com/irlch2021_allfiles/pairings_irlch2021.html">Tournament
report</a>. }

1. d4 d5 2. c4 e6 3. Nc3 Nf6 4. Nf3 Be7 5. Bf4 O-O 6. e3 b6 7. cxd5 exd5 8.
Bd3 Bb7 9. O-O Nbd7 10. Rc1 c5 11. dxc5 bxc5 12. Qc2 h6 13. Rfd1 Qa5 14.
Qa4 Qxa4 15. Nxa4 c4 16. Bf5 Nb6 17. Nc3 g6 18. Bb1 Kh7 19. b3 Rac8 20.
bxc4 dxc4 21. Be5 Rfd8 22. Bd4 Nfd7 23. Rd2 Kg8 24. Rcd1 Nb8 25. Ne5
1/2-1/2

[Event "Irish Championship 2021"]
[Site "Dublin IRL"]
[Date "2021.07.31"]
[Round "1.17"]
[White "Harding, Tim"]
[Black "Goss, Alex"]
[Result "1/2-1/2"]
[WhiteTitle "CM"]
[WhiteElo "2003"]
[BlackElo "1833"]
[WhiteICU "1955"]
[BlackICU "1750"]
[WhiteClub "T.C.D."]
[BlackClub "U.C.D."]
[WhiteNationality "IRL"]
[BlackNationality "IRL"]
[WhiteFideId "2500256"]
[BlackFideId "2509407"]
[PlyCount "61"]
[Venue "Colaiste Eanna"]
[EventDate "2021.07.31"]
[Source "Live boards"]

{ Event information: <a
href="https://www.irlchess.com/irlch2021_allfiles/pairings_irlch2021.html">Tournament
report</a>. }

1. Nf3 Nf6 2. d4 e6 3. c4 c5 4. e3 d5 5. Nc3 Nc6 6. a3 cxd4 7. exd4 dxc4 8.
Bxc4 Bd6 9. O-O O-O 10. Bg5 Be7 11. Qd3 Na5 12. Ba2 b6 13. Rad1 Bb7 14. Bb1
g6 15. Rfe1 Nd5 16. Bxe7 Qxe7 17. b4 Nxc3 18. Qxc3 Rac8 19. Qa1 Nc4 20. d5
Rfd8 21. dxe6 Bxf3 22. Rxd8+ Rxd8 23. exf7+ Qxf7 24. gxf3 Qxf3 25. Be4 Qg4+
26. Bg2 Rd2 27. Qf6 Rd1 28. Rxd1 Qxd1+ 29. Bf1 Nd2 30. Qe6+ Kf8 31. Qf6+
1/2-1/2